Basic television and video systems / (Record no. 183283)
[ view plain ]
| 000 -LEADER | |
|---|---|
| fixed length control field | 01238 a2200253 4500 |
| 003 - CONTROL NUMBER IDENTIFIER | |
| control field | Nust |
| 005 - DATE AND TIME OF LATEST TRANSACTION | |
| control field | 20230102122109.0 |
| 010 ## - LIBRARY OF CONGRESS CONTROL NUMBER | |
| LC control number | 97052216 |
| 020 ## - INTERNATIONAL STANDARD BOOK NUMBER | |
| International Standard Book Number | 002800437X (text) |
| 020 ## - INTERNATIONAL STANDARD BOOK NUMBER | |
| International Standard Book Number | 0028004388 (disk) |
| 040 ## - CATALOGING SOURCE | |
| Transcribing agency | Nust |
| 082 00 - DEWEY DECIMAL CLASSIFICATION NUMBER | |
| Classification number | 621.388,GRO |
| 100 1# - MAIN ENTRY--PERSONAL NAME | |
| Personal name | Grob, Bernard. |
| 9 (RLIN) | 19461 |
| 245 10 - TITLE STATEMENT | |
| Title | Basic television and video systems / |
| Statement of responsibility, etc. | Bernard Grob, Charles E. Herndon. |
| 250 ## - EDITION STATEMENT | |
| Edition statement | 6th ed. |
| 260 ## - PUBLICATION, DISTRIBUTION, ETC. | |
| Place of publication, distribution, etc. | New York, N.Y. : |
| Name of publisher, distributor, etc. | Glencoe/McGraw-Hill, |
| Date of publication, distribution, etc. | c1999. |
| 300 ## - PHYSICAL DESCRIPTION | |
| Extent | x, 727 p. : |
| Other physical details | ill. ; |
| Dimensions | 26 cm. |
| 505 ## - FORMATTED CONTENTS NOTE | |
| Formatted contents note | Application of Television (Page-1), The Television Picture (Page-25), Television Camera (Page-43), Picture Tubes (Page-77), Scanning and Synchronizing (Page-124), Color Television Circuits (Page-163), Video Test Signals (Page-196), Television Transmission (Page-258), Television Receiver (Page-284), Raster Circuits (Page-312), Color Television Receiver (Page-332), Cable Television (Page-364), Television and Video Servicing (Page-397). |
| 650 #0 - SUBJECT ADDED ENTRY--TOPICAL TERM | |
| Topical term or geographic name entry element | Television. |
| 700 1# - ADDED ENTRY--PERSONAL NAME | |
| Personal name | Herndon, Charles E. |
| 9 (RLIN) | 106605 |
| 856 42 - ELECTRONIC LOCATION AND ACCESS | |
| Materials specified | Publisher description |
| Uniform Resource Identifier | <a href="http://www.loc.gov/catdir/description/mh031/97052216.html">http://www.loc.gov/catdir/description/mh031/97052216.html</a> |
| 856 42 - ELECTRONIC LOCATION AND ACCESS | |
| Materials specified | Table of contents |
| Uniform Resource Identifier | <a href="http://www.loc.gov/catdir/toc/mh031/97052216.html">http://www.loc.gov/catdir/toc/mh031/97052216.html</a> |
| 942 ## - ADDED ENTRY ELEMENTS (KOHA) | |
| Source of classification or shelving scheme | |
| Koha item type | Book |
| Withdrawn status | Lost status | Source of classification or shelving scheme | Damaged status | Not for loan | Permanent Location | Current Location | Shelving location | Date acquired | Full call number | Barcode | Date last seen | Price effective from | Koha item type | Public note |
|---|---|---|---|---|---|---|---|---|---|---|---|---|---|---|
| Military College of Signals (MCS) | Military College of Signals (MCS) | General Stacks | 12/12/2016 | 621.388,GRO | MCS28275 | 12/08/2016 | 12/12/2016 | Book | Almirah No.40, Shelf No.5 |
